01299 a2200193 45000010006000000050017000060080041000230030015000640400040000790800067001192450059001860200022002452640040002673000019003075050648003260410008009741000024009828560099010064982420260407155759.0260407a2001 arg spa dAR-UNSa-BCEJYS aAR-UNSa-BCEJYSbspacAR-UNSa-BCEJYS a658.16xReorganización financiera (Proyectos de inversión)10aEvaluación de proyectos de inversión en la empresa a978-987-9460-19-1 1aBuenos Aires :bPrentice Hallc2001 a412 P.c23 cm. a1. Proyectos en empresas en marcha – 2. Comportamientos del mercado: marco económico y predictivo – 3. Costos relevantes en proyectos de cambio – 4. Efectos tributarios de un proyecto sobre la empresa – 5. Costo e inversiones – 6. Cálculo de beneficios del proyecto – 7. ¿Cómo construir los flujos de caja de proyecto – 8. Cálculo y análisis de la viabilidad económica - 9. Evaluación de inversiones ante incertidumbre – 10. Cálculo de la tasa de costo de capital – 11. Análisis optimizante del proyecto – 12. Outsourcing, reemplazo, ampliación, abandono e internalización - 13. Estudio de casos.  aspa1 aSapag Chain, Nassir41uhttps://www.biblioeco.unsa.edu.ar/pmb/images/libros/L128202.jpgyImagen de portadaqimage/jpeg